000 01037nam a2200277 a 4500
999 _c5832
_d5832
005 20200104041603.0
008 160411b2007 ck |||||rm||| 00| 0 spa d
040 _aCO-BoIAVH
_cCO-BoIAVH
041 _aspa
044 _ack
090 _aTE-
_b0182
100 1 _aLópez Alvarez, Diana Carolina
245 1 0 _aEstudio filogeográfico de Iridosornis porphyrocephala, usando marcadores moleculares por la conservación de una especie amenazada y endémica de Colombia y Ecuador
260 _aSantiago de Cali:
_bUniversidad del Valle,
_c2007.
300 _a63 páginas
502 _aTesis (Biólogo) Universidad del Valle "Diana Carolina Lopez Alvarez" , 2007.
504 _a
650 1 6 _aMarcadores moleculares
650 1 6 _aEspecies endémicas
650 1 6 _aEspecies amenazadas
700 1 _aSedano Cruz, Raúl E.
_eDirector
700 1 _aCárdenas Henao, Heiber
_eCo-director
700 1 _aPalacio Mejia, Juan Diego
_eCo-director
942 _cTESIS
_2z
945 _d2007-09-24